Normal view
MARC view
Entry Personal Name
001 - CONTROL NUMBER
- control field: 12606
003 - CONTROL NUMBER IDENTIFIER
- control field: ARRUPE
005 - DATE AND TIME OF LATEST TRANSACTION
- control field: 20141112140408.0
008 - FIXED-LENGTH DATA ELEMENTS
- fixed length control field: 141112|| aca||aabn | a|a d
040 ## - CATALOGING SOURCE
- Original cataloging agency: ARRUPE
- Transcribing agency: ARRUPE
100 ## - HEADING--PERSONAL NAME
- Personal name: Petrella, Ivan,
- Dates associated with a name: 1969-
670 ## - SOURCE DATA FOUND
- Source citation: Work cat.: (ARRUPE)0: Petrella, Ivan, 1969-, The future of liberation theology :, 2006.